| Tag |
First Indicator |
Second Indicator |
Subfields |
| LEADER |
00000cam a2200000 4500 |
| 001 |
in00000717439 |
| 005 |
20160608111804.0 |
| 008 |
730314s1965 nyuach b 00000 eng u |
| 010 |
|
|
|a 65018612
|
| 035 |
|
|
|a (OCoLC)00580864
|
| 035 |
|
|
|9 ADD0514AM
|
| 040 |
|
|
|c WSU
|d TXA
|d UtOrBLW
|
| 049 |
|
|
|a TXAM
|c [453674]
|
| 050 |
|
0 |
|a Z8869
|b .V272
|
| 050 |
0 |
0 |
|a PR5628
|b .V3
|
| 092 |
|
|
|a 823
|b T363Yv
|
| 100 |
1 |
|
|a Van Duzer, Henry Sayre,
|d 1853-1928.
|
| 245 |
1 |
2 |
|a A Thackeray library ;
|b first editions and first publications, portraits, water colors, etchings, drawings and manuscripts /
|c With a new intord. by Lionel Stevenson.
|
| 264 |
|
1 |
|a Port Washington, N.Y. :
|b Kennikat Press,
|c 1965.
|
| 300 |
|
|
|a 198 pages :
|b illustrations, facsimiles, portraits ;
|c 24 cm.
|
| 336 |
|
|
|a text
|b txt
|2 rdacontent
|
| 337 |
|
|
|a unmediated
|b n
|2 rdamedia
|
| 338 |
|
|
|a volume
|b nc
|2 rdacarrier
|
| 504 |
|
|
|a "A few additional items are included, forming a complete Thackeray bibliography."
|
| 600 |
1 |
0 |
|a Thackeray, William Makepeace,
|d 1811-1863
|x Bibliography.
|
| 999 |
|
|
|a MARS
|
| 999 |
f |
f |
|s c5554b67-6747-3151-b6d2-da4d00b94d65
|i 744c95df-3d10-358b-850d-cd8d26dafbdd
|t 0
|
| 952 |
f |
f |
|p ric
|a Texas A&M University
|b Rellis Campus
|c Joint Library Facility
|d Remote Storage
|t 0
|e Z8869 .V272
|h Library of Congress classification
|i unmediated -- volume
|m A14801331469
|
| 998 |
f |
f |
|a Z8869 .V272
|t 0
|l Remote Storage
|